000 00251nam a2200109 a 4500
008 110426s2004|||| d
245 1 0 _aSlovensko nemecký slovník
260 _bTopas
_aBratislava
_c2004
020 _c139
044 _aGE
041 _agem
999 _c17694
_d17694